[Event "Ricany op"]
[Site "Ricany"]
[Date "2009.08.23"]
[Round "3"]
[White "Blumel, Otto"]
[Black "Schmalz, Michal"]
[Result "1-0"]
[WhiteElo "2142"]
[BlackElo "1996"]
[PlyCount "63"]
[EventDate "2009.08.22"]
[EventType "swiss"]
[EventRounds "9"]
[EventCountry "CZE"]
[SourceTitle "CBM 131 Extra"]
[Source "ChessBase"]
[SourceDate "2009.09.03"]
[SourceVersion "2"]
[SourceVersionDate "2009.09.16"]
[SourceQuality "1"]

1. e4 c5 2. Nf3 d6 3. d4 cxd4 4. Qxd4 Nc6 5. Bb5 Bd7 6. Bxc6 bxc6 7. c4 c5 8. Qd3 Nf6 9. e5 dxe5 10. Nxe5 Be6 11. Qxd8+ Rxd8 12. Be3 g6 13. Nd2 Bg7 14. 0-0-0 Rc8 15. f3 0-0 16. Nd3 Nd7 17. Nf4 Ne5 18. Nxe6 fxe6 19. Kc2 Nc6 20. Bxc5 Nd4+ 21. Bxd4 Bxd4 22. b3 a5 23. Rhe1 e5 24. Re4 Rb8 25. Nb1 a4 26. Nc3 axb3+ 27. axb3 Ra8 28. Na4 g5 29. h4 Rf4 30. hxg5 Rxe4 31. fxe4 Rf8 32. c5 1-0

[Event "Ricany op"]
[Site "Ricany"]
[Date "2009.08.23"]
[Round "2"]
[White "Schmalz, Michal"]
[Black "Postupa, Pavel1"]
[Result "1/2-1/2"]
[WhiteElo "1996"]
[BlackElo "2131"]
[PlyCount "35"]
[EventDate "2009.08.22"]
[EventType "swiss"]
[EventRounds "9"]
[EventCountry "CZE"]
[SourceTitle "CBM 131 Extra"]
[Source "ChessBase"]
[SourceDate "2009.09.03"]
[SourceVersion "2"]
[SourceVersionDate "2009.09.16"]
[SourceQuality "1"]

1. e4 c5 2. Nf3 d6 3. Bb5+ Bd7 4. Bxd7+ Nxd7 5. c4 g6 6. Nc3 Bg7 7. d4 cxd4 8. Nxd4 Ngf6 9. 0-0 0-0 10. Be3 Rc8 11. b3 a6 12. a4 Re8 13. h3 Qa5 14. Rc1 Nc5 15. f3 Ncd7 16. Qd2 Qb4 17. Nce2 Qxd2 18. Bxd2 1/2-1/2

[Event "Sec Svetla op"]
[Site "Sec u Chrudimi"]
[Date "2008.10.31"]
[Round "8"]
[White "Halla, Jiri"]
[Black "Schmalz, Michal"]
[Result "1/2-1/2"]
[WhiteElo "1869"]
[BlackElo "1992"]
[PlyCount "28"]
[EventDate "2008.10.25"]
[EventType "swiss"]
[EventRounds "9"]
[EventCountry "CZE"]
[SourceTitle "EXT 2023"]
[Source "ChessBase"]
[SourceDate "2022.10.05"]
[SourceVersion "1"]
[SourceVersionDate "2022.10.05"]
[SourceQuality "1"]

1. b3 Nf6 2. Bb2 d5 3. f4 c5 4. e3 Nc6 5. Bb5 Bd7 6. Nf3 a6 7. Bxc6 Bxc6 8. d3 e6 9. 0-0 Be7 10. Nbd2 0-0 11. Ne5 Nd7 12. Qg4 f5 13. Qg3 Nxe5 14. Bxe5 Bf6 1/2-1/2

[Event "Sec Svetla op"]
[Site "Sec u Chrudimi"]
[Date "2008.10.28"]
[Round "5"]
[White "Schmalz, Michal"]
[Black "Kotva, Milan"]
[Result "1/2-1/2"]
[WhiteElo "1992"]
[BlackElo "2020"]
[PlyCount "44"]
[EventDate "2008.10.25"]
[EventType "swiss"]
[EventRounds "9"]
[EventCountry "CZE"]
[SourceTitle "EXT 2023"]
[Source "ChessBase"]
[SourceDate "2022.10.05"]
[SourceVersion "1"]
[SourceVersionDate "2022.10.05"]
[SourceQuality "1"]

1. e4 e5 2. Nc3 Nf6 3. f4 d6 4. Nf3 Nc6 5. f5 g6 6. fxg6 hxg6 7. Bc4 Na5 8. Bb3 Nxb3 9. axb3 Bg4 10. h3 Qd7 11. d3 Be7 12. Be3 a6 13. Qe2 Be6 14. 0-0-0 c5 15. Ng5 Nh5 16. Qf2 0-0-0 17. Rhf1 Rdf8 18. Ne2 f5 19. Nxe6 Qxe6 20. exf5 gxf5 21. Qf3 f4 22. Bf2 Ng7 1/2-1/2

[Event "Sec Svetla op"]
[Site "Sec u Chrudimi"]
[Date "2008.10.26"]
[Round "2"]
[White "Valenta, Petr"]
[Black "Schmalz, Michal"]
[Result "1-0"]
[WhiteElo "1905"]
[BlackElo "1992"]
[PlyCount "135"]
[EventDate "2008.10.25"]
[EventType "swiss"]
[EventRounds "9"]
[EventCountry "CZE"]
[SourceTitle "EXT 2023"]
[Source "ChessBase"]
[SourceDate "2022.10.05"]
[SourceVersion "1"]
[SourceVersionDate "2022.10.05"]
[SourceQuality "1"]

1. c4 Nf6 2. Nc3 d5 3. d4 g6 4. Nf3 Bg7 5. Bg5 c6 6. e3 0-0 7. h3 Nbd7 8. cxd5 Nxd5 9. Bc4 N7f6 10. 0-0 Nxc3 11. bxc3 Ne4 12. Rc1 Nxg5 13. Nxg5 h6 14. Nf3 b5 15. Bb3 a5 16. a4 Bf5 17. Nh4 Be4 18. Qg4 Bd5 19. Bc2 Bf6 20. Qg3 Bc4 21. Rfe1 Qd6 22. f4 c5 23. axb5 cxd4 24. cxd4 Bxb5 25. Bb3 Kh7 26. Rc5 Rab8 27. Ba2 a4 28. Rec1 Bd7 29. R1c2 e6 30. Nf3 Rfc8 31. Qf2 a3 32. Ne5 Rxc5 33. dxc5 Qd1+ 34. Kh2 Bxe5 35. fxe5 Be8 36. c6 Rc8 37. Rc4 Qa1 38. Rd4 Rxc6 39. Bc4 Rc7 40. Qf6 a2 41. Rd8 Rc5 42. Rxe8 Qxe5+ 43. Qxe5 Rxe5 44. Bxa2 Rxe3 45. Bd5 Rc3 46. Bf3 Kg7 47. Kg3 Ra3 48. Kf4 Ra5 49. Ra8 Rb5 50. Ra7 Rf5+ 51. Ke4 Rb5 52. Be2 Rb2 53. Kd3 Rb3+ 54. Kc4 Rg3 55. Bf3 Rg5 56. Kd4 Rb5 57. Rc7 Rb2 58. Kc5 Rd2 59. Bc6 Rd1 60. Ra7 Rd2 61. Rd7 Ra2 62. Kd6 g5 63. Ke7 Rc2 64. Be4 Rb2 65. Bb7 Rb5 66. Ke8 Rf5 67. Bf3 Rf4 68. Bh5 1-0

[Event "Ricany op-A"]
[Site "Ricany"]
[Date "2008.08.30"]
[Round "9"]
[White "Muzikar, Martin"]
[Black "Schmalz, Michal"]
[Result "1/2-1/2"]
[WhiteElo "1837"]
[BlackElo "1993"]
[PlyCount "20"]
[EventDate "2008.08.23"]
[EventType "swiss"]
[EventRounds "9"]
[EventCountry "CZE"]
[SourceTitle "CBM 126 Extra"]
[Source "ChessBase"]
[SourceDate "2008.11.05"]
[SourceVersion "1"]
[SourceVersionDate "2008.11.05"]
[SourceQuality "1"]

1. e4 c6 2. d4 d5 3. exd5 cxd5 4. Bd3 Nf6 5. c3 Nc6 6. Bf4 Bg4 7. Nf3 e6 8. Nbd2 Bd6 9. Bg3 0-0 10. Qc2 Rc8 1/2-1/2

[Event "Ricany op-A"]
[Site "Ricany"]
[Date "2008.08.25"]
[Round "4"]
[White "Schmalz, Michal"]
[Black "Hampel, Rudolf"]
[Result "1-0"]
[WhiteElo "1993"]
[BlackElo "1826"]
[PlyCount "51"]
[EventDate "2008.08.23"]
[EventType "swiss"]
[EventRounds "9"]
[EventCountry "CZE"]
[SourceTitle "CBM 126 Extra"]
[Source "ChessBase"]
[SourceDate "2008.11.05"]
[SourceVersion "1"]
[SourceVersionDate "2008.11.05"]
[SourceQuality "1"]

1. e4 c5 2. Nf3 e6 3. d4 cxd4 4. Nxd4 Nf6 5. Nc3 Nc6 6. Nb3 Bb4 7. Bd3 0-0 8. Bd2 Ne5 9. 0-0 Nxd3 10. cxd3 Bd6 11. d4 Bb8 12. Bg5 h6 13. Bh4 g5 14. Bg3 d6 15. f4 Kg7 16. fxg5 hxg5 17. e5 Ne8 18. Qg4 Rg8 19. Rf3 Kf8 20. Raf1 Rg7 21. Ne4 d5 22. Nxg5 Rxg5 23. Rxf7+ Kg8 24. Rf8+ Kg7 25. R1f7+ Kg6 26. Qh4 1-0